| 000 | 00603nam a2200193 a 4500 | ||
|---|---|---|---|
| 005 | 20140310183358.0 | ||
| 008 | 121004s19uu xx 00 eng d | ||
| 020 | _a9788171394470 | ||
| 050 |
_aZ 678 _b.P189 2011 |
||
| 100 | _aPandey, Raghunath | ||
| 245 |
_aLibrary managements : _cRaghunath Pandey, M.N. Valayudhan Pillai. _bnew concepts and practices / |
||
| 260 |
_aNew Delhi, India : _bJnanada Prakashan, _c2011. |
||
| 300 |
_a232 p. : _c22 cm. |
||
| 500 | _aIncludes index | ||
| 650 | _aLibrary administration | ||
| 700 | _aPillai, M.N. Valayudhan | ||
| 942 |
_cBK _2lcc _kFOR |
||
| 999 |
_c22278 _d22278 |
||